Football: Les vainqueurs de la Coupe d'Asie des Nations de 1956 à 2023 - Statistiques

Statistiques générales
  • Ce quiz a été pris 860 fois
    688 depuis la dernière actualisation
  • Le résultat moyen est 14 sur 17
Statistiques - réponses
Année Vainqueurs Victoires % Correct
1992 Japon 1
100%
2000 Japon 2
100%
2004 Japon 3
100%
2011 Japon 4
100%
1956 Corée du sud 1
95%
1960 Corée du sud 2
95%
1984 Arabie Saoudite 1
84%
1988 Arabie Saoudite 2
84%
1996 Arabie Saoudite 3
84%
1968 Iran 1
83%
1972 Iran 2
83%
1976 Iran 3
83%
Qatar
81%
2015 Australie 1
76%
2007 Irak 1
73%
1964 Israël 1
48%
1980 Koweït 1
43%
Aucun quiz correspondant
Distribution des résultats
% des personnes avec chaque résultat
Percentile par nombre de réponses
Votre historique - résultats
Vous n’avez pas pris ce quiz depuis la dernière actualisation